Zákon o velké privatizaci.
Zákon z 26.2.1991 o podmienkach prevodu majetku štátu na iné osoby. Predmet a rozsah úpravy. Privatizačné projekty. Prechod privatizovaného majetku na fondy a použitie majetku fondov. Investičné kupóny. Federálny fond národného majetku. Osobitné, prechodné a záverečné ustanovenia.
Gespeichert in:
| Format: | Buchkapitel |
|---|---|
| Sprache: | Tschechisch |
| Schlagworte: | |
| Tags: |
Keine Tags, Fügen Sie das erste Tag hinzu!
|
MARC
| LEADER | 00000naa a2200000 4500 | ||
|---|---|---|---|
| 001 | r002966 | ||
| 005 | 20221125080329.2 | ||
| 041 | 0 | |a cze | |
| 044 | |a [CS] | ||
| 245 | 1 | 0 | |a Zákon o velké privatizaci. |
| 520 | |a Zákon z 26.2.1991 o podmienkach prevodu majetku štátu na iné osoby. Predmet a rozsah úpravy. Privatizačné projekty. Prechod privatizovaného majetku na fondy a použitie majetku fondov. Investičné kupóny. Federálny fond národného majetku. Osobitné, prechodné a záverečné ustanovenia. | ||
| 610 | 2 | 0 | |a privatizácia |
| 610 | 2 | 0 | |a zákony |
| 610 | 2 | 0 | |a ČSFR |
| 610 | 2 | 0 | |a 1991 |